000 00677nam a2200217 4500
003 OSt
005 20240722084205.0
006 a
008 240722b |||||||| |||| 00| 0 eng d
020 _a9781405070461
040 _aDWCL-Main lib.
_cOC
082 _aCirc. 425 Em54e 2006
100 _aEmmerson, Paul
245 _aEssential business grammar builder /
260 _aOxford :
_bMcMillan Education,
_cc2006
300 _b176 p. : ill.:
_c28 cm.
650 _a1. English language - Grammar.
650 _a2. English language - Grammar - Problems, exercises, etc.
650 _a3. English language - Grammar - Study and teaching.
942 _2ddc
_n0
_cBK-CIRC
_kCirc.
999 _c2556
_d2556